|
|
|
|
| LEADER |
00000nam0a2200000 4500 |
| 001 |
161542 |
| 005 |
20231101222249.0 |
| 010 |
|
|
|a 9785981244148
|
| 035 |
|
|
|a (RuTPU)RU\TPU\book\175182
|
| 090 |
|
|
|a 161542
|
| 100 |
|
|
|a 20090609d2009 m y0rusy50 ca
|
| 101 |
0 |
|
|a rus
|
| 102 |
|
|
|a RU
|
| 105 |
|
|
|a a z 000zy
|
| 200 |
1 |
|
|a Русские уроки японских коанов
|f В. К. Тарасов
|
| 210 |
|
|
|a Москва
|c Добрая книга
|d 2009
|
| 215 |
|
|
|a 308 с.
|c ил.
|
| 330 |
|
|
|a Дзенские коаны — краткие истории, смысл которых невозможно постичь, опираясь исключительно на рациональную логику; это не просто притчи, размышление над которыми может привести к просветлению, но и уникальный источник управленческой мудрости. В своей новой книге Владимир Тарасов комментирует классические коаны дзен, помогая нам извлечь из древних текстов уроки эффективного управления. Прочитав эту книгу, вы научитесь интуитивно осознавать реальность, не прибегая к размышлениям над словами и понятиями, чтобы решать неразрешимые на первый взгляд проблемы, сможете использовать секреты великих мастеров дзен для достижения личных и корпоративных целей.
|
| 606 |
1 |
|
|a Управление
|x Теория
|x Искусство
|2 stltpush
|3 (RuTPU)RU\TPU\subj\37169
|9 58290
|
| 610 |
1 |
|
|a экономика
|
| 610 |
1 |
|
|a менеджмент
|
| 610 |
1 |
|
|a управленческая деятельность
|
| 610 |
1 |
|
|a эффективность
|
| 610 |
1 |
|
|a японские методы
|
| 610 |
1 |
|
|a дзенские коаны
|
| 686 |
|
|
|a У9(2)212
|v LBC/SL-A
|2 rubbk
|
| 686 |
|
|
|a У9(2)210
|v LBC/SL-A
|2 rubbk
|
| 700 |
|
1 |
|a Тарасов
|b В. К.
|g Владимир Константинович
|
| 801 |
|
1 |
|a RU
|b 63413507
|c 20090609
|g PSBO
|
| 801 |
|
2 |
|a RU
|b 63413507
|c 20131115
|g PSBO
|
| 942 |
|
|
|c BK
|
| 959 |
|
|
|a 66/20090608
|d 1
|e 446,71
|f ЧЗГЛ:1
|